Rozvoj systému riadenia podniku

Salvato in:
Dettagli Bibliografici
Natura: Libro
Lingua:slovacco
Pubblicazione: Bratislava : Alfa, 1988
Tags: Aggiungi Tag
Nessun Tag, puoi essere il primo ad aggiungerne!!

MARC

LEADER 00000nam a22000003a 4500
001 stu29226
005 20150408162123.0
008 950606s1988----xo------------------slo-d
040 |a STU  |b slo 
041 0 |a slo 
044 |a xo 
080 |a 338.244 
080 |a 658.014 
245 |a Rozvoj systému riadenia podniku 
260 |a Bratislava :  |b Alfa,  |c 1988 
300 |a 330 s 
996 |b 284V025859  |c V*36103/O-15044  |l VVS  |s A  |a 24  |w stu29226_0001 
996 |b 284V025860  |c V*36104/O-15044a  |l VVS  |s A  |a 24  |w stu29226_0002